Представление документа в формате RUSMARC

ПолеНазваниеЗначение
  Тип записи a
  Библиографический уровень m
001 Контрольный номер UONB/MAIN/aab69e4f854748519eb4c9a1250255be
005 Дата корректировки 20241211153505.3
010 Индекс ISBN __
d Цена 75 к.
9 Тираж 500 экз.
100 Данные общей обработки __
a Данные общей обработки 20241211d1980 m y0rusy0189 ca
101 Язык документа 0_
a Язык текста rus
102 Страна публикации __
a Страна публикации RU
105 Кодированные данные (монография) __
a Кодированные данные (монография) a z 001yy
200 Заглавие и сведения об ответственности 1_
a Заглавие Архитектура, строительные конструкции и инженерное оборудование зданий и сооружений
e Сведения, относящиеся к заглавию межвуз. сброник науч. трудов
f Первые сведения об ответственности Каз. политехн. ин-т им. В.И. Ленина
g Последующие сведения об ответственности редкол.: С.О. Оспанов(отв. ред.) и др.
203 Вид содержания и тип средства __
a Вид содержания Текст
b Характеристика содержания визуальный
c Тип средства непосредственный
210 Выходные данные 1_
a Место издания Алма-Ата
c Издательство КазПТИ
d Дата издания 1980 (вып. дан. 1981)
215 Физическое описание __
a Объем 166 с.
c Иллюстрации/тип воспроизводства ил.
d Формат 20 см
320 Библиография __
a Библиография Библиогр. в конце работ
606 Тематические рубрики 0_
a Основная рубрика Архитектура
j Формальный подзаголовок Сборники
606 Тематические рубрики 0_
a Основная рубрика Строительное дело
j Формальный подзаголовок Сборники
610 Ключевые слова 0_
a Ключевые слова архитектура
610 Ключевые слова 0_
a Ключевые слова строительное дело
686 Индексы других классификаций __
a Классификационный индекс 85.11я43
2 Код системы rubbk
702 Вторичная интеллектуальная ответственность _1
a Фамилия Оспанов
b Имя (инициалы) С.О.
4 Код отношения 340
712 Наименование организации (Вторичная ответственность) 02
a Организация/ юрисдикция Казахский политехнический институт им. В.И. Ленина
801 Источник записи _0
a Страна RU
b Организация Ульяновская ОНБ
c Дата составления 20241211
g Правила каталогизации RCR
801 Источник записи _1
a Страна RU
b Организация Ульяновская ОНБ
c Дата составления 20241211
g Правила каталогизации RCR
901 Тип документа __
t Тип документа m
909 Создатель записи __
a Создатель записи Кадыкова
b Дата создания записи 20241211